Normale Ansicht MARC-Ansicht ISBD

Zapadnaja Belarus' v istoriko-kul'turnom i istoriografičeskom kontekstach Vostočnoj Evropy (Titelsatznr. 27537)

[ MARC ]
MARC-Details
000 -Satzkennung
Kontrollfeld mit fester Länge 00623nam a22002051c 4500
001 - Kontrollnummer
Kontrollfeld a987688555
008 - Feld mit fester Länge zur physischen Beschreibung - Allgemeine Angaben
Kontrollfeld mit fester Länge 171027s2017 gw |||| 000u rus d
020 ## - Internationale Standardbuchnummer
Internationale Standardbuchnummer 9789859874224
Verknüpfung 978-985-9874-22-4
041 ## - Sprachcode
Sprachcode des Textes/der Tonspur oder des separaten Titels rus
040 ## - Katalogisierungsquelle
Übertragungsstelle RU-10907106
003 - Kontrollnummer Identifier
Kontrollfeld RU-10907106
100 1# - Haupteintragung - Personenname
Personenname Karev, Dmitrij Vladimirovič
245 00 - Titel
Titel Zapadnaja Belarus' v istoriko-kul'turnom i istoriografičeskom kontekstach Vostočnoj Evropy
264 ## - Produktion, Veröffentlichung, Distribution, Herstellung und Urheberrechtsvermerk
Herstellungs-, Veröffentlichungs- Vertriebs-, Erzeugungsort Grodno :
Produzent, Herausgeber, Distributor, Hersteller JurSaPrint,
Datum der Herstellung, der Veröffentlichung, des Vertriebs oder des Urheberschutzvermerks 2017
300 ## - Physische Beschreibung
Umfang 207 S.
651 #0 - Nebeneintragung unter einem Schlagwort - Geografischer Name
Geografischer Name Weißrussland
651 #0 - Nebeneintragung unter einem Schlagwort - Geografischer Name
Geografischer Name Osteuropa
710 2# - Nebeneintragung - Körperschaftsname
Körperschafts- oder Gebietskörperschaftsname als Eintragungselement Grodnenskij gosudarstvennyj universitet imeni Janki Kupaly
942 ## - Zusätzliche Felder (Koha)
Koha-Medientyp Monographien
Exemplare
Ausgeschieden Verloren Klassifikation oder Aufstellungssystematik Beschädigt Nicht entleihbar Heimatbibliothek Aufenthaltsbibliothek Aufstellungsort Erwerbungsdatum Inventarnummer Signatur Barcode Letzte Aktivität Preis gültig von Koha-Medientyp
    Andere/Generische Klassifikation     MWN Osteuropa MWN Osteuropa Lesesaal - 1 27/10/2017 17-04518 W 50 F c Kar E004015079092082 23/02/2021 22/03/2021 Monographien